Hỏi đáp pháp luật về phòng, chống ma tuý và cai nghiện ma tuý tại gia đình và cộng đồng /

Spremljeno u:
Bibliografski detalji
Daljnji autori: Vũ Nguyên (chủ biên.)
Format: Sách giấy
Jezik:Vietnamese
Izdano: H. : Tư pháp, 2012.
Teme:
Oznake: Dodaj oznaku
Bez oznaka, Budi prvi tko označuje ovaj zapis!
Thư viện lưu trữ: Thư viện Trường Đại học Đà Lạt
LEADER 00784nam a2200289 4500
001 DLU130148191
005 ##20130530
040 # # |a DLU  |b vie 
041 # # |a vie 
044 # # |a vn 
082 # # |a 345.027 7  |b Hoi 
245 # # |a Hỏi đáp pháp luật về phòng, chống ma tuý và cai nghiện ma tuý tại gia đình và cộng đồng /  |c Vũ Nguyên chủ biên. 
260 # # |a H. :  |b Tư pháp,  |c 2012. 
300 # # |a 267 tr. ;  |c 21 cm. 
650 # # |a Ma tuý  |x Luật và pháp chế  |z Việt Nam. 
700 # # |a Vũ Nguyên,  |e chủ biên. 
923 # # |a 09/2012 
991 # # |a SH 
992 # # |a 10700 
994 # # |a DLU 
900 # # |a True 
911 # # |a Đào Thị Thu Huyền 
925 # # |a G 
926 # # |a A 
927 # # |a SH 
980 # # |a Thư viện Trường Đại học Đà Lạt